000 01534cam a2200421 i 4500
001 xx003158226
003 NUKAT
005 20260331152122.0
008 140813s2014 pl a g |000 0 pol c
020 _a9788393954506
_q(oprawa miękka)
035 _a(OCoLC)890406588
035 _a(NUKAT)xx003158226
040 _aSIEDL 001/EC
_bpol
_erda
_cSIEDL 001/EC
_dWR O/KSs
_dOLSZT 008/bak
045 2 _bd1989
_bd2014
046 _o1989
_p2014
245 0 0 _aHumor polityczny :
_b1989-2014 /
_czebrał i do druku podał Bronisław Sałuda ; ilustrator: Aleksander Wołos.
260 _aOlsztyn :
_bOficyna Druków Niskonakładowych,
_c2014.
300 _a182 strony :
_bilustracje ;
_c20 cm.
336 _aTekst
_btxt
_2rdacontent
337 _aBez urządzenia pośredniczącego
_bn
_2rdamedia
338 _aWolumin
_bnc
_2rdacarrier
380 _aKsiążki
380 _aProza
386 _mPrzynależność kulturowa
_aLiteratura polska
388 1 _a1901-2000
388 1 _a1989-2000
388 1 _a2001-
500 _aKolejne oznaczenie odpowiedzialności na stronie redakcyjnej.
648 7 _a1901-2000
_2DBN
_934996
648 7 _a1989-2000
_2DBN
_936156
648 7 _a2001-
_2DBN
_936393
655 7 _aAnegdoty polityczne
_2DBN
_939327
700 1 _aSałuda, Bronisław
_d(1927-2019).
_eOpracowanie
_eWybór
_931561
700 1 _aWołos, Aleksander
_d(1934-2014).
_eIlustracje
_925902
710 2 _aOficyna Druków Niskonakładowych.
_eWydawca
_4pbl
_937673
920 _a978-83-939545-0-6 (oprawa miękka)
942 _2ddc
_cBK_NM
999 _c27387
_d27387